| 000 | 01225cam a2200289 a 4500 | ||
|---|---|---|---|
| 001 | 15311401 | ||
| 005 | 20141127155807.0 | ||
| 008 | 080530s2008 ii ad frb 000 0 eng d | ||
| 010 | _a2008022533 | ||
| 020 | _a9780761936565 (hard back) | ||
| 040 |
_aDLC _cDLC _dDLC _dEG-ScBUE |
||
| 043 | _aa-ii--- | ||
| 082 | 0 | 0 |
_a332.10954 _222 _bMAL |
| 100 | 1 |
_aMallick, Indrajit _936685 |
|
| 245 | 1 | 0 |
_aFinancial intermediation in a less developed economy : _bthe history of the United Bank of India / _cIndrajit Mallick, Sugata Marjit. |
| 260 |
_aNew Delhi : _bSAGE Publications, _c2008. |
||
| 300 |
_axlv, 274 p. : _bcharts, tables ; _c23 cm. |
||
| 504 | _aIncludes bibliographical references. | ||
| 505 | 0 | _aThe roots-Banking crisis and the merger-Post merger developments(1950-1969)-Nationalization and the organizational challenge-The years of development banking-The crisis years(1985-2000)-The recovery and beyond. | |
| 610 | 2 | 0 |
_aUnited Bank of India (Calcutta, India) _936686 |
| 650 | 0 |
_aBanks and banking _zIndia _936687 |
|
| 650 | 0 |
_aIntermediation (Finance) _zIndia _936688 |
|
| 653 |
_bBUSADM _cNovember2014 |
||
| 655 |
_vreading book _934232 |
||
| 700 | 1 |
_aMarjit, Sugata, _d1959- _936689 |
|
| 942 |
_2ddc _k332.10954 MAL |
||
| 999 |
_c18679 _d18651 |
||